000
00230nmm a2200085Ia 4500
008
220120s9999||||xx |||||||||||||||||und||
100
_a
Digit
245
0
_a
Nexuiz ; GTR Multimedia, celestia respiratory Adobe premiere
260
_c
2006
999
_c
138604
_d
138604